000 00541nam a2200181Ia 4500
008 231221s9999 xx 000 0 und d
020 _a9780000000000
041 _aEnglish
082 _a001.6424WIN PET1;1
100 _aPetzold, Charles.
245 0 _aProgramming windows 95 : the definitive developers guide to the windows 95 API
250 _a5th ed.
260 _c1996
_bMicrosoft Press
_aNew York
300 _ax+1100
300 _c52772
650 _aProgramming,windows,95,definitive,developers,windows,95,API
942 _cCD
999 _c209263
_d209263